[Event "SCO-ch 124th"]
[Site "Dundee"]
[Date "2017.07.23"]
[Round "9"]
[White "Doyle, James J"]
[Black "Duke, Michael"]
[Result "0-1"]
[WhiteElo "1850"]
[BlackElo "2052"]
[PlyCount "122"]
[EventDate "2017.07.15"]
[EventType "swiss"]
[EventRounds "9"]
[EventCountry "SCO"]
[SourceTitle "CBM 179 Extra"]
[Source "ChessBase"]
[SourceDate "2017.08.23"]
[SourceVersion "1"]
[SourceVersionDate "2017.08.23"]
[SourceQuality "1"]

1. e4 e5 2. Nf3 Nc6 3. Bb5 a6 4. Ba4 Nf6 5. d3 b5 6. Bb3 Bc5 7. 0-0 d6 8. h3 Na5 9. Nbd2 h6 10. a4 g5 11. d4 Bxd4 12. Nxd4 exd4 13. axb5 axb5 14. Bxf7+ Kxf7 15. b4 c5 16. f4 g4 17. e5 Nd5 18. Ne4 Nxb4 19. Nxd6+ Kf8 20. f5 Nbc6 21. Bf4 Qh4 22. hxg4 Qe7 23. Qd2 Nc4 24. Nxc4 Rxa1 25. Rxa1 bxc4 26. Bxh6+ Ke8 27. f6 Qe6 28. Rf1 Kf7 29. g5 Rg8 30. Qe2 Rg6 31. Re1 Nb4 32. Ra1 Nc6 33. Re1 Bd7 34. Qe4 Nb4 35. Qa8 Rg8 36. Qe4 Rg6 37. Qa8 Be8 38. Qa7+ Kg8 39. Qxc5 Rxh6 40. gxh6 Nc6 41. Qa3 Kh7 42. Qg3 Bg6 43. Rf1 Qxe5 44. f7 Qxg3 45. f8Q Qe3+ 46. Rf2 Qc1+ 47. Rf1 Qxh6 48. Qd6 Qe3+ 49. Kh1 Ne7 50. Rf3 Qe1+ 51. Kh2 Nf5 52. Rh3+ Kg7 53. Qc7+ Bf7 54. Qd8 Qe5+ 55. Kg1 Nh6 56. Qh4 Qd6 57. Qg5+ Kh7 58. Rg3 Bg6 59. Rh3 Bxc2 60. Qd2 Bf5 61. Qf2 Bxh3 0-1

[Event "BCF-chT3Nc 1516 (4NCL)"]
[Site "England"]
[Date "2016.03.20"]
[Round "8.79"]
[White "Burton, Graham P"]
[Black "Duke, Michael"]
[Result "0-1"]
[WhiteElo "1987"]
[BlackElo "2140"]
[PlyCount "62"]
[EventDate "2016.03.20"]
[EventType "team-swiss"]
[EventRounds "11"]
[EventCountry "ENG"]
[SourceTitle "EXT 2017"]
[Source "ChessBase"]
[SourceDate "2016.10.25"]
[SourceVersion "1"]
[SourceVersionDate "2016.10.25"]
[SourceQuality "1"]
[WhiteTeam "3CS Oldham II"]
[BlackTeam "Manchester Manticores"]
[WhiteTeamCountry "ENG"]
[BlackTeamCountry "ENG"]

1. e4 e5 2. Nf3 Nc6 3. c3 d5 4. Qa4 f6 5. Bb5 Nge7 6. exd5 Qxd5 7. d4 a6 8. c4 Qe4+ 9. Be3 exd4 10. Nbd2 axb5 11. Qxa8 Qe6 12. Nxd4 Nxd4 13. 0-0-0 Ne2+ 14. Kb1 bxc4 15. Rhe1 c3 16. Rxe2 Qf5+ 17. Ne4 Qxe4+ 18. Kc1 Kf7 19. Qa5 Bf5 20. Qxc3 Nd5 21. Rxd5 Qxd5 22. Qxc7+ Qd7 23. Qc4+ Be6 24. Qh4 Be7 25. Rd2 Qc6+ 26. Rc2 Qxg2 27. Rc7 Qg1+ 28. Kc2 Bf5+ 29. Kc3 Qe1+ 30. Kb3 Qd1+ 31. Kc3 Qd3# 0-1

[Event "Blackpool op 40th"]
[Site "Blackpool"]
[Date "2016.03.13"]
[Round "4"]
[White "Burnett, Jim"]
[Black "Duke, Michael"]
[Result "1/2-1/2"]
[WhiteElo "2107"]
[BlackElo "2033"]
[PlyCount "34"]
[EventDate "2016.03.11"]
[EventType "swiss"]
[EventRounds "5"]
[EventCountry "ENG"]
[SourceTitle "CBM 171 Extra"]
[Source "ChessBase"]
[SourceDate "2016.04.26"]
[SourceVersion "1"]
[SourceVersionDate "2016.04.26"]
[SourceQuality "1"]

1. d4 Nf6 2. c4 e5 3. dxe5 Ng4 4. e3 Nxe5 5. Nh3 d5 6. Qxd5 Qf6 7. Nf4 c6 8. Qd1 Bf5 9. Be2 Nbd7 10. 0-0 0-0-0 11. Qa4 Kb8 12. Nd2 Nc5 13. Qa5 b6 14. Qc3 Na4 15. Qb3 Nc5 16. Qc3 Na4 17. Qb3 Nc5 1/2-1/2

[Event "Bolton 4NCL op-A 4th"]
[Site "Bolton"]
[Date "2015.09.13"]
[Round "5.6"]
[White "Duke, Michael"]
[Black "Burrows, Martin P"]
[Result "0-1"]
[WhiteElo "2069"]
[BlackElo "2148"]
[PlyCount "60"]
[EventDate "2015.09.11"]
[EventType "swiss"]
[EventRounds "5"]
[EventCountry "ENG"]
[SourceTitle "EXT 2023"]
[Source "ChessBase"]
[SourceDate "2022.10.05"]
[SourceVersion "1"]
[SourceVersionDate "2022.10.05"]
[SourceQuality "1"]

1. d4 Nf6 2. Nf3 g6 3. g3 Bg7 4. Bg2 0-0 5. 0-0 d6 6. c4 Nc6 7. Nc3 a6 8. d5 Na5 9. b3 c5 10. Bb2 Rb8 11. Nd2 b5 12. cxb5 axb5 13. e4 Ba6 14. Re1 Nd7 15. Bf1 Qb6 16. Kg2 e5 17. dxe6 fxe6 18. Qg4 Rbe8 19. f4 Nc6 20. Nf3 Nf6 21. Qh3 Nd4 22. Nxd4 cxd4 23. Nd1 e5 24. fxe5 Bc8 25. Qh4 dxe5 26. Qg5 Ng4 27. Qd2 Bh6 28. Qb4 d3 29. Kh1 d2 30. Bc4+ bxc4 0-1

[Event "Wakefield 4NCL op 2nd"]
[Site "Wakefield"]
[Date "2015.04.18"]
[Round "3"]
[White "Duke, Michael"]
[Black "Bielby, Paul R"]
[Result "1/2-1/2"]
[WhiteElo "2086"]
[BlackElo "1930"]
[PlyCount "94"]
[EventDate "2015.04.17"]
[EventType "swiss"]
[EventRounds "5"]
[EventCountry "ENG"]
[SourceTitle "CBM 166 Extra"]
[Source "ChessBase"]
[SourceDate "2015.06.18"]
[SourceVersion "1"]
[SourceVersionDate "2015.06.18"]
[SourceQuality "1"]

1. d4 Nf6 2. Nf3 d5 3. c4 e6 4. g3 c6 5. Bg2 Be7 6. 0-0 0-0 7. Nc3 Nbd7 8. cxd5 exd5 9. Re1 Re8 10. Bf4 Nf8 11. a4 a5 12. Ne5 Qb6 13. Qd3 Ng6 14. Nxg6 hxg6 15. f3 Bb4 16. Rad1 Be6 17. Be3 Bf5 18. Qd2 Bc2 19. Ra1 Bb3 20. Bf2 Re7 21. h3 Rae8 22. Bf1 Qc7 23. Kg2 Bc4 24. e3 Bxf1+ 25. Rxf1 Qd7 26. Qc2 Qf5 27. Qxf5 gxf5 28. g4 fxg4 29. hxg4 Re6 30. Rh1 g6 31. Rad1 Kg7 32. Ne2 Bd6 33. Rd3 b5 34. Rc1 Bb4 35. axb5 cxb5 36. Nf4 Rd6 37. Rb3 Nd7 38. Rc2 Nb6 39. Nd3 Nc4 40. Nxb4 axb4 41. Rxb4 Nxe3+ 42. Bxe3 Rxe3 43. Rxb5 Rd3 44. Rb4 Rf6 45. Rf2 Rf4 46. Kg3 Rfxd4 47. Rxd4 Rxd4 1/2-1/2

[Event "Blackpool op 34th"]
[Site "Blackpool"]
[Date "2010.03.04"]
[Round "4"]
[White "Duke, Michael"]
[Black "Surtees, Michael"]
[Result "0-1"]
[WhiteElo "2086"]
[BlackElo "2149"]
[PlyCount "78"]
[EventDate "2010.03.01"]
[EventType "swiss"]
[EventRounds "5"]
[EventCountry "ENG"]
[SourceTitle "CBM 135 Extra"]
[Source "ChessBase"]
[SourceDate "2010.05.04"]
[SourceVersion "1"]
[SourceVersionDate "2010.05.04"]
[SourceQuality "1"]

1. e4 c6 2. d4 d5 3. f3 e6 4. Nc3 b5 5. Bd3 Nd7 6. Nh3 Nb6 7. 0-0 b4 8. Ne2 Nf6 9. Bg5 Be7 10. c3 bxc3 11. bxc3 a5 12. e5 Nfd7 13. Bxe7 Qxe7 14. f4 g6 15. Ng5 Ba6 16. Bxa6 Rxa6 17. Qd3 Nc4 18. Ne4 Rb6 19. Rab1 Qa3 20. Rxb6 Ndxb6 21. Nf6+ Kd8 22. Rb1 Kc7 23. Qc2 h5 24. Rb3 Qe7 25. Nc1 a4 26. Rb4 c5 27. dxc5 Qxc5+ 28. Qf2 Qxf2+ 29. Kxf2 Na5 30. Kg3 Nc6 31. Rb5 Rd8 32. Ne2 d4 33. cxd4 Nxd4 34. Nxd4 Rxd4 35. Rc5+ Kb7 36. Ne8 Rd3+ 37. Kh4 Rd2 38. Kg5 Rxg2+ 39. Kf6 Nd5+ 0-1

[Event "Genrothes op"]
[Site "Glenrothes"]
[Date "2006.03.05"]
[Round "?"]
[White "Grant, Alan"]
[Black "Duke, Michael"]
[Result "1-0"]
[WhiteElo "2154"]
[BlackElo "2081"]
[PlyCount "65"]
[EventDate "2006.03.??"]
[EventType "swiss"]
[EventRounds "5"]
[EventCountry "SCO"]
[SourceTitle "EXT 2023"]
[Source "ChessBase"]
[SourceDate "2022.10.05"]
[SourceVersion "1"]
[SourceVersionDate "2022.10.05"]
[SourceQuality "1"]

1. c4 e5 2. g3 Nf6 3. Bg2 d5 4. cxd5 Nxd5 5. Nf3 Nc6 6. 0-0 Nb6 7. d3 Be6 8. Nc3 f6 9. Be3 Qd7 10. Qc1 Bh3 11. Bxh3 Qxh3 12. Nb5 Qd7 13. Rd1 a6 14. Nc3 Nd4 15. Bxd4 exd4 16. Ne4 Rd8 17. a4 Nxa4 18. Qc2 Nb6 19. Rdc1 c6 20. Qb3 Qc7 21. Nc5 Bxc5 22. Rxc5 Nd7 23. Rh5 c5 24. Rc1 Qd6 25. Nh4 Qf8 26. Nf5 c4 27. Qxc4 Nc5 28. Nxd4 b5 29. Qc3 Na4 30. Qc6+ Rd7 31. Rd5 Qe7 32. Nf5 Qd8 33. Qe6+ 1-0